Kmitání těles a konstrukcí způsobené pohybujícím se zatížením /

Na minha lista:
Detalhes bibliográficos
Autor principal: Frýba, Ladislav (Author)
Formato: Livro
Idioma:tcheco
Publicado em: Praha : Academia, 1989
Edição:2.vyd.
Tags: Adicionar Tag
Sem tags, seja o primeiro a adicionar uma tag!

MARC

LEADER 00000nam a22000003a 4500
001 stu28099
005 20150617225737.6
008 950227s1989----xr------------------cze-d
040 |a STU  |b slo 
041 0 |a cze 
044 |a xr 
080 |a 531.3 
080 |a 69.04 
100 1 |a Frýba, Ladislav  |4 aut 
245 1 |a Kmitání těles a konstrukcí způsobené pohybujícím se zatížením /  |c [aut]Frýba,Ladislav 
250 |a 2.vyd. 
260 |a Praha :  |b Academia,  |c 1989 
300 |a 513 s 
996 |b 284V027710  |c V*39174/O-16532  |l VVT  |s A  |a 24  |w stu28099_0001